01047 a2200193 45000010006000000050017000060080041000230030015000640400040000790800032001192450040001512640033001913000019002245050464002430410008007071000021007157000018007368560099007544736320260407155741.0260407a1986 arg spa dAR-UNSa-BCEJYS aAR-UNSa-BCEJYSbspacAR-UNSa-BCEJYS a94:33xHistoria económica10aLa primera guerra mundial 1914-1918 1aBarcelona :bCríticac1986 a366 p.c20 cm. a1. Economía mundial, imperialismo, guerra - 2. El bloqueo aliado de las potencias centrales - 3. La guerra comercial submarina - 4. Política de armamentos - 5. Abastecimiento de arículos alimentarios durante la guerra - 6. Moneda y finanzas - 7. El movimiento obrero entre la integración y la revolución - 8. Los objetivos de la guerra y el orden posbélico - 9. Descentralización de la economía internacional - 10. El legado de la gran guerra. aspa1 aPellissa, Octavi1 aHardach, Gerd41uhttps://www.biblioeco.unsa.edu.ar/pmb/images/libros/L127486.jpgyImagen de portadaqimage/jpeg